000 00901nac a22002051u 4500
008 101014t xxu||||| |||| 00| 0 eng d
020 _a0194715639
020 _a9780194715638
082 _a428.24
_bLIZ
100 _aSoars, Liz.
_913897
245 _aNew Headway Plus. Elementary. Class audio CDs /
_cLiz, John Soars
260 _aOxford:
_bOxford University Press,c2006
_cc2006
300 _a2 sound discs (123 min., 15 sec.) :
_bdigital, stereo. ;
_c4 3/4 in.
511 _aCatalogued by: Sara
650 _aEnglish language
_xTextbooks for foreign speakers
_920424
650 _aEnglish language
_xGrammar -- Problems, exercises
_920425
700 _aSoars, John
_920426
942 _cCDB
_k428.24 SOA
_2ddc
999 _c8075
_d8075